| 000 | 00908nam a2200265Ia 4500 | ||
|---|---|---|---|
| 001 | 15978 | ||
| 003 | GE_BSU | ||
| 008 | 181216s||||||||xx |||||||||||||| ||und|| | ||
| 040 | _cGE_BSU | ||
| 080 | _a821.353.1-32 | ||
| 100 | _aხორნაული, გიგი | ||
| 245 | _aნეტამც მოგეკალ | ||
| 245 | _bმოთხრობები | ||
| 245 | _cრედ.მ.სოხაძე. მხ.ი.ქლიბაძე | ||
| 250 | _aI-ლი გამოც. | ||
| 260 | _aთბილისი | ||
| 260 | _bნაკადული | ||
| 260 | _c1996 | ||
| 300 | _a320გვ. ; 20სმ. | ||
| 541 | _h3ლ. | ||
| 653 | _aმოთხრობები | ||
| 653 | _aნეტამც მოგეკალ | ||
| 653 | _aწიგნში მოთხრობილია მონადირული თავგადასავლები | ||
| 942 | _cBK | ||
| 999 |
_c49072 _d49072 |
||